|
|
|
|
| LEADER |
01245nam a2200325 4500 |
| 001 |
DLU140162082 |
| 005 |
##20140609 |
| 040 |
# |
# |
|a DLU
|b vie
|
| 041 |
# |
# |
|a vie
|
| 044 |
# |
# |
|a vn
|
| 082 |
# |
# |
|a 909
|b DA-A
|
| 100 |
# |
# |
|a Đặng Đức An,
|c PGS.
|
| 245 |
# |
# |
|a Đại cương lịch sử thế giới trung đại.
|n t.I,
|p Phương Đông /
|c Đặng Đức An.
|
| 260 |
# |
# |
|a H. :
|b Chính trị Quốc gia,
|c 2010.
|
| 300 |
# |
# |
|a 339 tr. :
|b minh hoạ ;
|c 24 cm.
|
| 504 |
# |
# |
|a Tài liệu tham khảo: tr.331.
|
| 505 |
# |
# |
|a Chương I. Trung Đông, Châu Phi và thế giới Hồi giáo thời trung đại -- Chương II. Đế quốc Mông Cổ và đế quốc Ottoman (Thổ Nhĩ Kỳ) thời trung đại -- Chương III. Ấn Độ thời trung đại -- Chương IV. Đông Nam Á thời cổ - trung đại -- Chương V. Trung Quốc thời trung đại -- Chương VI. Triều Tiên và Nhật Bản thời cổ - trung đại.
|
| 650 |
# |
# |
|a Lịch sử thế giới.
|
| 923 |
# |
# |
|a 01/2014LS
|
| 990 |
# |
# |
|a t.I
|
| 991 |
# |
# |
|a GT
|
| 992 |
# |
# |
|a 90000
|
| 994 |
# |
# |
|a KLS
|
| 900 |
# |
# |
|a True
|
| 911 |
# |
# |
|a Đào Thị Thu Huyền
|
| 925 |
# |
# |
|a G
|
| 926 |
# |
# |
|a A
|
| 927 |
# |
# |
|a SH
|
| 980 |
# |
# |
|a Thư viện Trường Đại học Đà Lạt
|